|
|
|
|
| LEADER |
01648nam a2200409 i 4500 |
| 001 |
EBC6317227 |
| 003 |
MiAaPQ |
| 005 |
20210114123823.0 |
| 006 |
m o d | |
| 007 |
cr cnu|||||||| |
| 008 |
210114s2020 nju o 001 0 eng d |
| 020 |
|
|
|z 9781119632931
|
| 020 |
|
|
|a 9781119632924 (e-book)
|
| 035 |
|
|
|a (MiAaPQ)EBC6317227
|
| 035 |
|
|
|a (Au-PeEL)EBL6317227
|
| 035 |
|
|
|a (OCoLC)1195823949
|
| 040 |
|
|
|a MiAaPQ
|b eng
|e rda
|e pn
|c MiAaPQ
|d MiAaPQ
|
| 050 |
|
4 |
|a HG4551
|b .B354 2020
|
| 082 |
0 |
|
|a 332.642
|2 23
|
| 100 |
1 |
|
|a Baker, H. Kent
|q (Harold Kent),
|d 1944-
|e author.
|
| 245 |
1 |
0 |
|a Equity markets, valuation, and analysis /
|c H. Kent Baker, Greg Filbeck, Halil Kiymaz.
|
| 264 |
|
1 |
|a Hoboken, New Jersey :
|b Wiley,
|c [2020]
|
| 264 |
|
4 |
|c 2020
|
| 300 |
|
|
|a 1 online resource (xxiv, 424 pages).
|
| 336 |
|
|
|a text
|b txt
|2 rdacontent
|
| 337 |
|
|
|a computer
|b c
|2 rdamedia
|
| 338 |
|
|
|a online resource
|b cr
|2 rdacarrier
|
| 490 |
1 |
|
|a Wiley finance series
|
| 500 |
|
|
|a Includes index.
|
| 588 |
|
|
|a Description based on print version record.
|
| 590 |
|
|
|a Electronic reproduction. Ann Arbor, MI : ProQuest, 2018. Available via World Wide Web. Access may be limited to ProQuest affiliated libraries.
|
| 650 |
|
0 |
|a Stock exchanges.
|
| 655 |
|
4 |
|a Electronic books.
|
| 776 |
0 |
8 |
|i Print version:
|a Baker, H. Kent (Harold Kent) 1944-
|t Equity markets, valuation, and analysis.
|d Hoboken, New Jersey : Wiley, c2020
|h xxiv, 424 pages
|k Wiley finance series.
|z 9781119632931
|
| 797 |
2 |
|
|a ProQuest (Firm)
|
| 830 |
|
0 |
|a Wiley finance series.
|
| 856 |
4 |
0 |
|u https://ebookcentral.proquest.com/lib/matrademy/detail.action?docID=6317227
|z Click to View
|